Statistics for Guess the DreamWorks movie by description

Click here to take the quiz!

General Stats

  • This quiz has been taken 54 times
  • The average score is 9 of 15

Answer Stats

DescriptionMovie% Correct
A creature goes to rescue a princess to get his land back, and they fall in love on the way back.Shrek
86%
A feline outlaw gets a little too careless and burns right through eight of his lives, so he teams up with his ex and a wannabe therapy dog to find a magical star.Puss in Boots: the Last Wish
74%
An alien with a familiar origin story becomes an outcast and accidentally "kills" the city's hero, so he makes a new one, but the plan falls apart.Megamind
71%
A sneaky raccoon tricks a family of forest animals into raiding a house to gather food to repay someone, then learns the importance of family.Over the Hedge
69%
A pair of troublemaking friends hypnotize their principal and turn him into their original comic book superhero, which ends up being a mistake...until it doesn't.Captain Underpants: the First Epic Movie
66%
A group of NYC animals get caught and shipped to Africa where they learn to survive and thrive.Madagascar
66%
A fanboy of famous warriors gets appointed by an old master and (after a few rough spots with the warriors and *their* master) fulfills the prophecy fortold.Kung Fu Panda
63%
A woman gets infused with a space rock and becomes a mutant, along with some other creatures who were mutated in some way.Monsters vs Aliens
63%
An infant comes to the main character's house and after a few issues, they team up to stop a madman hungry for revenge.The Boss Baby
60%
A baby gets adopted into royalty, then later leaves and returns to free the people the ruler had as slaves, and things take a tragic turn when the ruler refuses...The Prince of Egypt
54%
A teenager goes out to hunt the main enemy of their village and successfully shoots one down, which ends up in an unlikely friendship between the two.How to Train Your Dragon
51%
An outlaw meets his long lost brother he doesn't like, but they, along with another outlaw, team up to visit a mystical land to gather a mystical creature.Puss in Boots
51%
A creature and his bride goes to a far off kingdom (where his bride grew up) to gain the blessing of her parents, but things go horribly wrong from the start...Shrek 2
46%
A teenage girl finds a mythical creature on the roof of her apartment and (with the help of a couple of friends) helps guide it back to its home.Abominable
29%
Five famous fictional characters gather together to battle their enemy, another famous fictional character.Rise of the Guardians
26%

Score Distribution

Percentile by Number Answered

Percent of People with Each Score

Your Score History

You have not taken this quiz